000 00325nam a22001337a 4500
005 20180425123928.0
008 160520b xxu||||| |||| 00| 0 eng d
041 _aeng
082 _b3447
_a510.2462
100 _aDas H.K.
_9861
245 _aAdvanced Engineering Mathematics
650 _aDIPLOMA ENGINEERING
_9817
942 _cBK
999 _c1179
_d1179